| 000 | 00551nam a2200193 a 4500 | ||
|---|---|---|---|
| 001 | 3643 | ||
| 003 | CDMR | ||
| 005 | 20131023172832.0 | ||
| 008 | 130130s1977||||||||||||||||||||||||||||d | ||
| 040 |
_aCDMR _bcat _cCDMR |
||
| 100 | 1 |
_aBarnouw, Erik _92594 |
|
| 245 | 1 | 0 |
_aTube of Plenty _b: the evolution of American Television |
| 260 |
_aLondon _c1977 _bOxford University Press |
||
| 300 | _a520 p. | ||
| 650 | 0 | 4 |
_91004 _aTelevisió _zEstats Units |
| 650 | 0 | 4 |
_94168 _aIndústria de la televisió |
| 650 | 0 | 4 |
_91116 _aTelevisió _xHistòria |
| 942 |
_cMON _2udc |
||
| 999 |
_c3643 _d3643 |
||